|
|
|
|
| LEADER |
01140nam a2200325 4500 |
| 001 |
38448 |
| 003 |
BD-DhAAL |
| 005 |
20220424120249.0 |
| 008 |
220424t1973 enk bs 001 0 eng d |
| 999 |
|
|
|c 44127
|d 44127
|
| 010 |
|
|
|a 73160361
|
| 015 |
|
|
|a B73-03996
|
| 020 |
|
|
|a 0140807381
|
| 040 |
|
|
|a DLC
|c DLC
|d DLC
|d BD-DhAAL
|
| 043 |
|
|
|a n-us---
|
| 050 |
0 |
0 |
|a HC103
|b .T44
|
| 082 |
0 |
0 |
|a 330.973
|
| 245 |
1 |
0 |
|a New economic history:
|b selected readings;
|c edited by Peter Temin.
|
| 260 |
|
|
|a Harmondsworth,
|b Penguin,
|c 1973.
|
| 300 |
|
|
|a 445 pages ;
|c 18 cm.
|
| 350 |
|
|
|a £1.00
|
| 490 |
0 |
|
|a Penguin modern economics readings
|
| 490 |
0 |
|
|a Penguin education
|
| 504 |
|
|
|a Includes bibliographical references (pages 429-434).
|
| 541 |
|
|
|a Donated By Akbar Ali Khan
|e 38448
|
| 651 |
|
0 |
|a United States
|x Economic conditions.
|9 48192
|
| 700 |
|
|
|a Temin, Peter,
|e editor
|9 48193
|
| 852 |
|
|
|a Ayesha Abed Library
|c Akbar Ali Khan Collection
|
| 942 |
|
|
|2 ddc
|c BK
|
| 952 |
|
|
|0 0
|1 0
|2 ddc
|4 0
|6 330_973000000000000_NEW
|7 1
|9 70545
|a BRACUL
|b BRACUL
|c AAKC
|d 2022-04-24
|e Donated by Akbar Ali Khan
|l 0
|o 330.973 NEW
|p 3010038448
|r 2022-04-24
|t 1
|w 2022-04-24
|y BK
|